Leadership 2030 : (Record no. 4246)

MARC details
000 -LEADER
fixed length control field 00654nam a22001817a 4500
003 - CONTROL NUMBER IDENTIFIER
control field OSt
005 - DATE AND TIME OF LATEST TRANSACTION
control field 20250826031057.0
008 - FIXED-LENGTH DATA ELEMENTS--GENERAL INFORMATION
fixed length control field 250826b |||||||| |||| 00| 0 eng d
020 ## - INTERNATIONAL STANDARD BOOK NUMBER
International Standard Book Number 9780814432754
040 ## - CATALOGING SOURCE
Transcribing agency OC
082 ## - DEWEY DECIMAL CLASSIFICATION NUMBER
Classification number Circ. 658.4092 V54l 2014
100 ## - MAIN ENTRY--PERSONAL NAME
Personal name VIELMETTER, GEORG
245 ## - TITLE STATEMENT
Title Leadership 2030 :
Remainder of title the six megatrends you need to understand to lead your company into the future /
Statement of responsibility, etc. VIELMETTER, GEORG
300 ## - PHYSICAL DESCRIPTION
Extent xii, 244 pages ;
Dimensions 23 cm
504 ## - BIBLIOGRAPHY, ETC. NOTE
Bibliography, etc. note Includes bibliographical references
650 ## - SUBJECT ADDED ENTRY--TOPICAL TERM
Source of heading or term Business forecasting. 2. Business planning. 3. Management. I. Sell, Yvonne. II. Title.
942 ## - ADDED ENTRY ELEMENTS (KOHA)
Source of classification or shelving scheme Dewey Decimal Classification
Koha item type Book Circulation
Call number prefix Circ.
Suppress in OPAC No
952 ## - LOCATION AND ITEM INFORMATION (KOHA)
--
Holdings
Withdrawn status Lost status Source of classification or shelving scheme Damaged status Not for loan Home library Current library Shelving location Date acquired Source of acquisition Total Checkouts Full call number Barcode Date last seen Copy number Price effective from Koha item type Uniform Resource Identifier
    Dewey Decimal Classification     College Library College Library Circulation 08/07/2015 SF   Circ. 658.4092 V54l 2014 CL51103 08/26/2025 c1 08/26/2025 BK-CIRC